Lanean...
Malabar kalaapam
| Egile nagusia: | |
|---|---|
| Formatua: | Printed Book |
| Argitaratua: |
Kozhikode
Mathrubhumi
2016
|
| Gaiak: |
| LEADER | 00446nam a22001337a 4500 | ||
|---|---|---|---|
| 020 | |a 9788182666115 | ||
| 100 | |a Madhavan Nair, K | ||
| 245 | |a Malabar kalaapam | ||
| 260 | |a Kozhikode |b Mathrubhumi |c 2016 | ||
| 300 | |a 270p | ||
| 650 | |a Kalaapangal, Lahalakal | ||
| 942 | |c BK | ||
| 999 | |c 290104 |d 290104 | ||
| 952 | |0 0 |1 0 |4 0 |6 954_830000000000000_MAD_M |7 0 |8 RUSA |9 330238 |a HIS |b HIS |c ST1 |d 2016-06-22 |i 24724 |l 5 |o 954.83 MAD/M |p HIS24724 |r 2021-07-19 |s 2021-04-26 |w 2016-06-22 |y BK | ||